|
|
|
|
| LEADER |
00000nab a2200000 a 4500 |
| 001 |
vtls000754530 |
| 003 |
SK-MaSNL |
| 005 |
20260304075649.0 |
| 008 |
140402c1998 xo 0 slo |
| 015 |
|
|
|a SNBRB2001/04-12560
|
| 035 |
|
|
|a CLN000106317
|
| 040 |
|
|
|a SNKBUCL
|b slo
|c SNKBUCL
|e AACR2
|
| 041 |
0 |
|
|a slo
|
| 044 |
|
|
|a xo
|c SK
|
| 080 |
|
|
|a 658.11:339.9:061.3
|2 1997
|
| 080 |
|
|
|a 339.9
|2 1997
|
| 080 |
|
|
|a 338.24
|2 1997
|
| 100 |
1 |
|
|a Grznár, Miroslav,
|d 1935-
|4 aut
|9 89764
|
| 245 |
1 |
0 |
|a Transformácia podnikov v podmienkach globalizácie ekonomiky
|b (vedecká konferencia s medzinárodnou účasťou)
|c Miroslav Grznár
|
| 650 |
0 |
7 |
|a podniky
|x transformácia
|x globalizácia ekonomická
|x vplyvy
|x konferencie
|x 9.-10.9.1998
|2 snkbucl
|9 1366271
|
| 650 |
0 |
7 |
|a ekonomická globalizácia
|2 snkbucl
|9 75990
|
| 655 |
|
7 |
|a články z novín a časopisov
|2 snkbucl
|9 267496
|
| 773 |
0 |
|
|t Ekonomické rozhľady
|g Roč. 27, č. 4 (1998), s. 417-418
|x 0323-262X
|
| 850 |
|
|
|a Slovenská národná knižnica v Martine
|
| 852 |
|
|
|a SNK
|b KIS3GCP
|
| 992 |
|
|
|a RBX
|
| 999 |
|
|
|c 2782633
|d 2784563
|